[Event "Let's Play Chess!"]
[Site "http://www.queenalice.com/game.php?id=964482"]
[Date "2011.7.25"]
[Round "-"]
[White "Killersugus"]
[Black "oxidare"]
[Result "1-0"]
[WhiteElo "2167"]
[BlackElo "1661"]

1. d4 d5 2. Nf3 e6 3. c4 h6 4. Nc3 c6 5. e4 Bb4 6. exd5 Bxc3+ 7. bxc3 Nf6 8.
dxc6 Nxc6 9. Bd3 O-O 10. O-O Bd7 11. Rb1 Ne7 12. Rxb7 Bc6 13. Rb1 Be4 14. Bxe4
Nxe4 15. Qd3 Nf6 16. Bf4 Ng6 17. Bg3 Nh5 18. Rfd1 Nxg3 19. hxg3 a6 20. c5 Ne7
21. Ne5 a5 22. a4 Nf5 23. Rb5 Qc7 24. g4 Ne7 25. Rdb1 Rfb8 26. Qf3 f6 27. Nc4
Nd5 28. Nb6 Ra6 29. Nxd5 exd5 30. Rxb8+ Kh7 31. Qf5+ g6 32. Qxd5 1-0

[Event "Let's Play Chess!"]
[Site "http://www.queenalice.com/game.php?id=964782"]
[Date "2011.7.26"]
[Round "-"]
[White "Killersugus"]
[Black "retkat"]
[Result "0-1"]
[WhiteElo "2182"]
[BlackElo "2077"]

1. d4 f5 2. Bg5 Nf6 3. Bxf6 exf6 4. g3 d6 5. Bg2 Be6 6. Bxb7 Nd7 7. Bg2 d5 8. e3
Bd6 9. Ne2 Rb8 10. b3 O-O 11. Nd2 c6 12. O-O Re8 13. c4 Nf8 14. Nc3 Qa5 15. Na4
Ng6 16. Rc1 Ne7 17. c5 Bc7 18. Qc2 g5 19. Qc3 f4 20. Rfe1 fxe3 21. Rxe3 Nf5 22.
Rd3 Qxc3 23. Nxc3 Rb4 24. Ne2 Bc8 25. Kf1 Ba6 26. Rcc3 Bxd3 27. Rxd3 h5 28. h3
h4 29. g4 Ng7 30. a3 Rbb8 31. b4 Ne6 32. Bf3 a5 33. Rb3 Red8 34. Nb1 axb4 35.
axb4 Kg7 36. Nbc3 Ba5 37. Na2 Kf7 38. Ke1 Rb7 39. Kd2 Rdb8 40. Kc3 Kg6 41. Nec1
Bd8 42. Nd3 Ra8 43. Kb2 Nc7 44. Nc3 Ne6 45. Ne2 Rba7 46. b5 Ra2+ 47. Kc3 Ba5+
48. Nb4 cxb5 49. Bxd5 Bxb4+ 50. Kxb4 R8a4+ 51. Kc3 Rxe2 0-1

[Event "Let's Play Chess!"]
[Site "http://www.queenalice.com/game.php?id=964933"]
[Date "2011.7.26"]
[Round "-"]
[White "plot24"]
[Black "Killersugus"]
[Result "0-1"]
[WhiteElo "1777"]
[BlackElo "2120"]

1. e4 e6 2. f4 c5 3. Nf3 b6 4. d4 d5 5. Bd3 Ba6 6. Nc3 Bxd3 7. Qxd3 Nf6 8. Bd2
a6 9. O-O-O Nc6 10. Ne2 dxe4 0-1

[Event "Let's Play Chess!"]
[Site "http://www.queenalice.com/game.php?id=964934"]
[Date "2011.7.26"]
[Round "-"]
[White "Killersugus"]
[Black "plot24"]
[Result "1-0"]
[WhiteElo "2115"]
[BlackElo "1908"]

1. d4 d5 2. Nf3 Nf6 3. c4 c6 4. cxd5 cxd5 5. Nc3 Nc6 6. Bf4 a6 7. e3 e6 8. Bd3
Bb4 9. O-O O-O 10. Qb3 Re8 11. h3 Re7 12. Rfc1 Rd7 13. a3 Ba5 14. Na4 b5 15.
Rxc6 bxa4 16. Qxa4 Bb7 17. Rcc1 Ne8 18. b4 Bc7 19. Ne5 Bxe5 20. Bxe5 f6 21. Bg3
Nd6 22. Bxd6 Rxd6 23. Rc5 e5 24. Rac1 Rd7 25. Bf5 Re7 26. Bg4 g6 27. Qa5 f5 28.
Qxd8+ Rxd8 29. Bf3 g5 30. Rc7 Rxc7 31. Rxc7 1-0

[Event "Let's Play Chess!"]
[Site "http://www.queenalice.com/game.php?id=964953"]
[Date "2011.7.26"]
[Round "-"]
[White "Killersugus"]
[Black "AlekinePb"]
[Result "1/2-1/2"]
[WhiteElo "2139"]
[BlackElo "1748"]

1. d4 d5 2. c4 e6 3. Nc3 Nf6 4. Nf3 b6 5. Bg5 Bb7 6. e3 Nbd7 7. cxd5 exd5 8. Be2
Be7 9. O-O O-O 10. a3 c5 11. Nd2 a6 12. Bf3 b5 13. dxc5 Nxc5 14. b4 Nce4 15.
Ncxe4 dxe4 16. Be2 Qb6 17. Nb3 Rfd8 18. Nd4 Rac8 19. Rc1 Rxc1 20. Qxc1 Rc8 21.
Qb2 h6 22. Bh4 Nd5 23. Bg3 Bf6 24. Rd1 Nc3 25. Rd2 Nxe2+ 26. Rxe2 Rd8 27. Rd2
Bxd4 28. Rxd4 Rxd4 29. Qxd4 Qxd4 30. exd4 Bd5 31. Kf1 f5 32. Be5 g5 33. Ke2 Kf7
34. g3 g4 35. Bf4 h5 36. Kd2 Ke6 37. Kc3 Bc4 38. Be3 Kd5 1/2-1/2

[Event "Let's Play Chess!"]
[Site "http://www.queenalice.com/game.php?id=967228"]
[Date "2011.7.31"]
[Round "-"]
[White "plot24"]
[Black "Killersugus"]
[Result "0-1"]
[WhiteElo "1788"]
[BlackElo "2159"]

1. d4 Nf6 2. e3 c5 3. c3 d5 4. Nd2 cxd4 5. exd4 Nc6 6. Ngf3 Bg4 7. Be2 e6 8. h3
Bh5 9. O-O Bd6 10. Re1 a6 11. a4 O-O 12. b4 Rc8 13. Bb2 a5 14. b5 Ne7 15. Rc1 b6
16. Ne5 Bxe2 17. Qxe2 Bxe5 18. Qxe5 Ng6 19. Qh2 Qc7 20. g3 Ne8 21. f4 Nd6 22.
Nb1 Nc4 23. Ba1 Ne7 24. Rc2 Qd6 25. Ra2 Kh8 26. Ree2 Ng8 27. g4 Nf6 28. Nd2 Nxd2
29. Rexd2 Ne4 30. Rdc2 Rc4 31. Bb2 Rfc8 32. Ra3 Qc7 33. h4 f5 34. g5 Qf7 35. h5
Qe7 36. g6 h6 37. Kf1 Qc7 38. Ke1 Rxd4 39. c4 Rxc4 0-1

[Event "Let's Play Chess!"]
[Site "http://www.queenalice.com/game.php?id=967229"]
[Date "2011.7.31"]
[Round "-"]
[White "plot24"]
[Black "Killersugus"]
[Result "0-1"]
[WhiteElo "1916"]
[BlackElo "2123"]

1. d4 e6 2. e4 d5 3. e5 c5 4. c3 Bd7 5. Nf3 Qb6 6. Qc2 Nc6 7. Be3 Rc8 8. Be2
Nge7 9. dxc5 Qc7 10. O-O Ng6 11. b4 Ncxe5 12. Nbd2 Ng4 13. g3 Nxe3 14. fxe3 b6
15. Ba6 Rb8 16. Nb3 Ba4 17. Ng5 Ne5 18. Nxh7 bxc5 19. Bd3 c4 0-1

[Event "Let's Play Chess!"]
[Site "http://www.queenalice.com/game.php?id=967230"]
[Date "2011.7.31"]
[Round "-"]
[White "plot24"]
[Black "Killersugus"]
[Result "0-1"]
[WhiteElo "1908"]
[BlackElo "2129"]

1. d4 d5 2. e3 g6 3. Bd3 Bg7 4. c3 Nc6 5. Nf3 Bf5 6. Bxf5 gxf5 7. a4 Nf6 8. a5
a6 9. b4 Ne4 10. Nbd2 Nxc3 11. Qb3 Ne4 12. b5 axb5 13. Qxb5 Ra7 14. Nxe4 fxe4
15. Nd2 O-O 16. f4 exf3 17. gxf3 e5 18. Bb2 exd4 19. exd4 Qh4+ 20. Kd1 Rfa8 0-1

[Event "Let's Play Chess!"]
[Site "http://www.queenalice.com/game.php?id=967405"]
[Date "2011.7.31"]
[Round "-"]
[White "Scharlatan"]
[Black "Killersugus"]
[Result "1-0"]
[WhiteElo "2084"]
[BlackElo "2179"]

1. d4 d5 2. c4 dxc4 3. e3 Nf6 4. Bxc4 c5 5. Nf3 a6 6. O-O b5 7. Be2 e6 8. Qc2
cxd4 9. Nxd4 Bb7 10. a4 b4 11. Rd1 Nbd7 12. Nd2 Qb6 13. a5 Qd8 14. N2b3 Rc8 15.
Qb1 Qc7 16. Bd2 Bd6 17. Rc1 Bxh2+ 18. Kh1 Qb8 19. Bxb4 Rxc1+ 20. Qxc1 Bd6 21.
Bxd6 Qxd6 22. Qc4 O-O 23. Rd1 Rc8 24. Qd3 h6 25. Kg1 Ne5 26. Qd2 Qd5 27. f3 Nc4
28. Bxc4 Rxc4 29. e4 Qe5 30. Qd3 Rc8 31. Re1 Rd8 32. Qc4 Qg3 33. Re2 Qd6 34. Rd2
Qb8 35. Nc5 Qc8 36. Qb4 Ba8 37. Rc2 e5 38. Nf5 Kh8 39. Qe1 Ng8 40. Qg3 Rd1+ 41.
Kh2 Qf8 42. Qxe5 Kh7 43. Nxa6 f6 44. Qc7 Kh8 45. b4 g6 46. Ne3 Rb1 47. Qd7 h5
48. Rc7 Qh6 49. b5 h4 50. Qg4 Qxe3 51. Qxh4+ Nh6 52. Qxf6+ 1-0

[Event "Let's Play Chess!"]
[Site "http://www.queenalice.com/game.php?id=967490"]
[Date "2011.8.1"]
[Round "-"]
[White "plot24"]
[Black "Killersugus"]
[Result "0-1"]
[WhiteElo "1863"]
[BlackElo "2129"]

1. e4 c5 2. Nf3 Nc6 3. d4 cxd4 4. Nxd4 e5 5. Nf3 Nf6 6. Bc4 h6 7. O-O Qc7 8. Nc3
a6 9. Nd5 Nxd5 10. Qxd5 d6 11. Qd2 b5 12. Be2 Be7 13. a3 Bb7 14. c3 Na5 15. Qc2
O-O 16. Bd2 Nc4 17. Bxc4 Qxc4 18. Rfe1 f5 19. b3 Qc8 20. a4 fxe4 21. Rxe4 Bxe4
22. Qxe4 Rb8 23. Qd5+ Kh8 24. axb5 Rxb5 25. Qd3 Qc6 26. Ra4 Rxb3 27. Rxa6 Qb7
28. Qg6 Qxa6 29. Ne1 Qe2 0-1

[Event "Let's Play Chess!"]
[Site "http://www.queenalice.com/game.php?id=967492"]
[Date "2011.8.1"]
[Round "-"]
[White "plot24"]
[Black "Killersugus"]
[Result "0-1"]
[WhiteElo "1874"]
[BlackElo "2125"]

1. d4 c5 2. d5 d6 3. Bd2 Nf6 4. Nc3 a6 5. g3 b5 6. Bg2 Bb7 7. e4 Nbd7 8. Qc1 e6
9. Nge2 b4 10. dxe6 fxe6 11. Nd1 Bxe4 12. O-O Bxg2 13. Kxg2 Qc7 14. a3 bxa3 15.
bxa3 Be7 16. Nf4 Kf7 17. c4 e5 18. Ne2 Qc6+ 19. Kg1 Rhe8 20. Ne3 Kg8 21. Nc3 Nf8
22. Nf5 Ne6 23. f4 Nd4 24. Rb1 Nxf5 0-1

[Event "Let's Play Chess!"]
[Site "http://www.queenalice.com/game.php?id=967493"]
[Date "2011.8.1"]
[Round "-"]
[White "plot24"]
[Black "Killersugus"]
[Result "0-1"]
[WhiteElo "1784"]
[BlackElo "2177"]

1. d4 c5 2. d5 d6 3. Nf3 Nf6 4. g3 g6 5. Bg2 Bg7 6. Nc3 a6 7. a4 O-O 8. e4 Bg4
9. Be3 Qa5 10. O-O Qb4 11. Rb1 Nxe4 12. Nxe4 Qxe4 13. Re1 Qf5 14. Nh4 Qc8 15.
Qd2 b5 16. axb5 axb5 17. Bh6 Ra7 18. Bxg7 Kxg7 19. Re3 Qd8 20. f4 Nd7 21. h3 g5
22. fxg5 Bh5 23. Nf5+ Kh8 24. Nxe7 Ne5 25. Rxe5 Rxe7 26. Rxe7 Qxe7 27. Re1 Qd7
28. Qc3+ Kg8 29. Qf6 Bg6 30. Re7 Qf5 31. Be4 Qxh3 32. Qxd6 Qg4 33. Bxg6 hxg6 34.
Kg2 Qxg5 35. Qxc5 Qd2+ 36. Kh3 Qh6+ 37. Kg2 Qd2+ 38. Kh3 Qg5 39. Rb7 Re8 40.
Qxb5 Qh5+ 41. Kg2 Re2+ 42. Qxe2 Qxe2+ 43. Kh3 Qh5+ 0-1

[Event "Let's Play Chess!"]
[Site "http://www.queenalice.com/game.php?id=967959"]
[Date "2011.8.2"]
[Round "-"]
[White "plot24"]
[Black "Killersugus"]
[Result "0-1"]
[WhiteElo "1735"]
[BlackElo "2167"]

1. d4 d6 2. Nf3 Nf6 3. c4 g6 4. Nc3 Bg7 5. e3 O-O 6. Be2 c6 7. O-O Bg4 8. Bd2
Nbd7 9. Re1 Qc7 10. h3 Bxf3 11. Bxf3 e5 12. Qc2 a6 13. Rad1 Rfe8 14. Bc1 Rad8
15. Ne4 Nxe4 16. Bxe4 f5 17. Bd3 exd4 18. e4 fxe4 19. Bxe4 c5 20. Bg5 Nf6 21.
Re2 Rb8 22. f4 Nxe4 23. Rxe4 Qf7 24. Rxe8+ Rxe8 25. Rf1 Qf5 26. Qf2 h5 27. Qf3
Qe4 28. Qxe4 Rxe4 29. f5 gxf5 30. Rxf5 Re2 31. Rf2 Re1+ 32. Rf1 Re5 33. h4 b5
34. cxb5 axb5 35. Rf3 Re2 36. Rg3 Kh7 37. Rb3 b4 38. a4 Re1+ 0-1

[Event "Let's Play Chess!"]
[Site "http://www.queenalice.com/game.php?id=967960"]
[Date "2011.8.2"]
[Round "-"]
[White "plot24"]
[Black "Killersugus"]
[Result "0-1"]
[WhiteElo "1833"]
[BlackElo "2136"]

1. d4 d5 2. Nf3 Nf6 3. c4 c6 4. e3 Bf5 5. cxd5 cxd5 6. Qb3 Qc8 7. Nc3 e6 8. Bd2
Nc6 9. Bb5 a6 10. Bxc6+ bxc6 11. O-O Bd6 12. Rac1 Nd7 13. Nh4 Bg6 14. f4 O-O 15.
f5 exf5 16. Nxf5 Bxf5 17. Rxf5 Rb8 18. Qd1 Nb6 19. Qg4 g6 20. e4 Kh8 21. Rff1
Qxg4 0-1

[Event "Let's Play Chess!"]
[Site "http://www.queenalice.com/game.php?id=967961"]
[Date "2011.8.2"]
[Round "-"]
[White "plot24"]
[Black "Killersugus"]
[Result "0-1"]
[WhiteElo "1858"]
[BlackElo "2153"]

1. e4 c6 2. d4 g6 3. f4 d5 4. e5 h5 5. h3 e6 6. Nf3 b6 7. Be3 Ba6 8. Bd3 Bxd3 9.
Qxd3 Nd7 10. Nbd2 Qc7 11. a4 a6 12. O-O-O b5 13. axb5 axb5 14. Nb1 Ne7 15. g4 b4
16. b3 c5 17. Nh4 c4 18. bxc4 dxc4 19. Qe4 Nd5 20. f5 gxf5 21. gxf5 Ra1 22. Kd2
b3 23. Nc3 Nxc3 0-1

[Event "Let's Play Chess!"]
[Site "http://www.queenalice.com/game.php?id=967962"]
[Date "2011.8.2"]
[Round "-"]
[White "plot24"]
[Black "Killersugus"]
[Result "0-1"]
[WhiteElo "1819"]
[BlackElo "2157"]

1. d4 Nf6 2. Nf3 c5 3. c3 cxd4 4. cxd4 d5 5. Nc3 Nc6 6. Bf4 Qb6 7. Rb1 Bf5 8. e4
Bxe4 9. Nxe4 Nxe4 10. Ne5 e6 11. Nxc6 bxc6 12. Be2 Bb4+ 13. Kf1 O-O 14. f3 Nf6
15. g4 c5 16. Be5 Nd7 17. a3 cxd4 18. Bxd4 Bc5 19. Bxc5 Qxc5 20. h4 Qe3 21. g5
Rfc8 22. Kg2 Ne5 23. Re1 Qf4 24. b4 Qxh4 25. Bd3 Qxg5+ 26. Kf2 Nxd3+ 27. Ke2
Nxe1 0-1

[Event "Let's Play Chess!"]
[Site "http://www.queenalice.com/game.php?id=967963"]
[Date "2011.8.2"]
[Round "-"]
[White "Killersugus"]
[Black "plot24"]
[Result "1-0"]
[WhiteElo "2181"]
[BlackElo "1760"]

1. b3 d5 2. Bb2 Nf6 3. Nf3 e6 4. e3 Be7 5. c4 O-O 6. d4 Nbd7 7. Bd3 Kh8 8. O-O
c6 9. Nbd2 b6 10. Re1 Bb7 11. Rc1 a6 12. Bb1 b5 13. Qc2 bxc4 14. bxc4 g6 15. e4
dxe4 16. Ng5 c5 17. Ngxe4 cxd4 18. Bxd4 Kg8 19. Rcd1 e5 20. Ba1 Rc8 21. Nxf6+
Bxf6 22. Qb3 Nc5 23. Qa3 Bg7 24. Ne4 Qc7 25. Nd6 Rfd8 26. Nxc8 Rxd1 27. Ne7+
Qxe7 28. Rxd1 Qg5 29. Qg3 h6 30. Qxg5 hxg5 31. Rd8+ Kh7 32. f3 a5 33. Bc3 a4 34.
Bc2 Ba6 35. Rd5 1-0

[Event "Let's Play Chess!"]
[Site "http://www.queenalice.com/game.php?id=972568"]
[Date "2011.8.15"]
[Round "-"]
[White "drd123"]
[Black "Killersugus"]
[Result "1-0"]
[WhiteElo "2137"]
[BlackElo "2183"]

1. e4 e6 2. d4 d5 3. Nd2 Be7 4. e5 c5 5. c3 Bd7 6. Ndf3 Nc6 7. Bd3 f6 8. exf6
Nxf6 9. Ne2 cxd4 10. Nexd4 e5 11. Nxc6 bxc6 12. Nxe5 Bd6 13. Nf3 O-O 14. O-O Qc7
15. Be3 Bg4 16. h3 Bh5 17. Bd4 Ne4 18. Be2 Rae8 19. Re1 Bf4 20. g4 Bg6 21. c4 c5
22. Bc3 d4 23. Nxd4 Nxc3 24. bxc3 cxd4 25. cxd4 Be3 26. Bf3 Bg5 27. Bd5+ Kh8 28.
Qa4 Rxe1+ 29. Rxe1 Qf4 30. Re2 Qxd4 31. Qb4 Rd8 32. Qa5 h6 33. Re6 Kh7 34. a4
Bh4 35. Qe1 Rf8 36. Re2 Rf6 37. Rd2 Qc5 38. Kg2 h5 39. gxh5 Bxh5 40. Qe4+ Rg6+
41. Kf1 Qe7 42. Qxe7 Bxe7 43. Be4 Kh6 44. Bxg6 Bxg6 45. Rd7 Bc5 46. Kg2 Be4+ 47.
Kg3 Bc2 48. a5 Bb3 49. f4 g5 50. fxg5+ Kh5 51. h4 Bxc4 52. Rh7+ Kg6 53. Rh6+ Kg7
54. Rc6 1-0

[Event "Let's Play Chess!"]
[Site "http://www.queenalice.com/game.php?id=972572"]
[Date "2011.8.15"]
[Round "-"]
[White "Killersugus"]
[Black "drd123"]
[Result "1/2-1/2"]
[WhiteElo "2170"]
[BlackElo "2080"]

1. d4 Nf6 2. Bg5 Ne4 3. Bf4 d5 4. Nd2 Nxd2 5. Qxd2 Nc6 6. Nf3 Bg4 7. h3 Bxf3 8.
gxf3 e6 9. c3 Bd6 10. O-O-O Qd7 11. e4 Bxf4 12. Qxf4 O-O-O 13. Bb5 a6 14. Ba4 f6
15. Rhg1 Rhg8 16. h4 Qd6 17. Qe3 Kb8 18. f4 dxe4 19. Qxe4 f5 20. Qe3 Ne7 21.
Rde1 Nd5 22. Qxe6 Qxf4+ 23. Kb1 Ka7 24. Bb3 c6 25. Qe5 Qxh4 26. c4 Nf4 27. Qxf5
Rgf8 28. Qc5+ Ka8 29. Rxg7 Nd3 30. Qe7 Qxe7 31. Rexe7 Rxd4 32. Rxb7 Nc5 33. Ra7+
Kb8 34. Raf7 Re8 35. Rxh7 Rd2 36. Rh1 Nd3 37. Ba4 Rxb2+ 38. Ka1 Rbe2 39. a3 Rxf2
40. Rd7 Nc5 41. Rb1+ Kc8 42. Ra7 Re3 43. Rh1 Rxa3+ 44. Kb1 Nb7 45. Bxc6 Rb3+ 46.
Ka1 Ra3+ 47. Kb1 Rb3+ 48. Kc1 Kb8 49. Rxa6 Rc3+ 50. Kb1 Rb3+ 51. Ka1 Nc5 52. Ra5
Nb7 53. Rb5 Rxb5 54. Bxb5 Nd6 55. Rh7 Nxb5 56. cxb5 Rf5 57. b6 Rb5 58. b7 Rxb7
59. Rh8+ Ka7 60. Ka2 Rb8 61. Rxb8 Kxb8 1/2-1/2

[Event "Let's Play Chess!"]
[Site "http://www.queenalice.com/game.php?id=972575"]
[Date "2011.8.15"]
[Round "-"]
[White "Killersugus"]
[Black "drd123"]
[Result "1/2-1/2"]
[WhiteElo "2173"]
[BlackElo "2075"]

1. d4 Nf6 2. Nf3 g6 3. Bf4 Bg7 4. h3 d6 5. e3 O-O 6. Be2 Nbd7 7. O-O c6 8. Nbd2
Re8 9. Bh2 e5 10. dxe5 Nxe5 11. c3 Bf5 12. Nd4 Bd3 13. Bxd3 Nxd3 14. Qc2 Nc5 15.
N2b3 Nxb3 16. axb3 d5 17. b4 a5 18. bxa5 Rxa5 19. Nb3 Rxa1 20. Rxa1 Qb6 21. Nd2
Ne4 22. Nxe4 dxe4 23. Ra4 h5 24. Rb4 Qa6 25. Bg3 Qd3 26. Qb3 b5 27. h4 Ra8 28.
Bf4 Ra1+ 29. Kh2 Qf1 30. Rxe4 Qxf2 31. Re8+ Kh7 32. Bg3 Qf1 33. Kh3 Qf5+ 34. Kh2
Qf1 35. Kh3 Qf5+ 36. Kh2 Qf1 1/2-1/2

[Event "Let's Play Chess!"]
[Site "http://www.queenalice.com/game.php?id=972576"]
[Date "2011.8.15"]
[Round "-"]
[White "Killersugus"]
[Black "drd123"]
[Result "1-0"]
[WhiteElo "2170"]
[BlackElo "2079"]

1. b3 e5 2. Bb2 Nc6 3. e3 d5 4. Bb5 Bd6 5. f4 Qe7 6. fxe5 Bxe5 7. Nc3 Nf6 8. Nf3
Bd6 9. Qe2 Bd7 10. O-O-O O-O-O 11. Rde1 Rhe8 12. h3 Ba3 13. g4 Bxb2+ 14. Kxb2
Qc5 15. Bxc6 Bxc6 16. Nd4 Ne4 17. Nxc6 Qxc6 18. Nxe4 Rxe4 19. d3 Re7 20. Qf3
Rde8 21. Re2 g6 22. Rhe1 Qd6 23. c3 c5 24. a4 a6 25. h4 b5 26. axb5 axb5 27. Ra1
Kb8 28. c4 bxc4 29. dxc4 Qe5+ 30. Kb1 Qc3 31. Qxd5 Qe5 32. Ra8+ Kc7 33. Ra7+ Kc8
34. Qc6+ 1-0

[Event "Let's Play Chess!"]
[Site "http://www.queenalice.com/game.php?id=974906"]
[Date "2011.8.20"]
[Round "-"]
[White "Killersugus"]
[Black "igorjava"]
[Result "1-0"]
[WhiteElo "2182"]
[BlackElo "1916"]

1. d4 d5 2. Nf3 Nf6 3. Bf4 Bg4 4. e3 Nc6 5. Nbd2 e6 6. h3 Bh5 7. a3 Bd6 8. Bxd6
cxd6 9. c4 dxc4 10. Bxc4 O-O 11. b4 d5 12. Bd3 e5 13. g4 Bg6 14. Bxg6 fxg6 15.
dxe5 Ne4 16. Qb3 Nxd2 17. Nxd2 Kh8 18. f4 d4 19. O-O dxe3 20. Qxe3 Qe7 21. Ne4
a6 22. Rae1 Rad8 23. Nd6 Qc7 24. Rc1 Qe7 25. Qb6 Rd7 26. a4 Rb8 27. b5 axb5 28.
axb5 Nd8 29. Qa7 Rxd6 30. Qxb8 Rd2 31. Rfd1 Qd7 32. Rxd2 Qxd2 33. Rf1 h6 34. Qd6
Qe3+ 35. Rf2 Qe1+ 36. Kg2 Qe4+ 37. Kh2 Nc6 38. bxc6 bxc6 39. e6 1-0

[Event "Let's Play Chess!"]
[Site "http://www.queenalice.com/game.php?id=974909"]
[Date "2011.8.20"]
[Round "-"]
[White "igorjava"]
[Black "Killersugus"]
[Result "0-1"]
[WhiteElo "1901"]
[BlackElo "2168"]

1. e4 e6 2. Nf3 c5 3. d4 cxd4 4. Nxd4 a6 5. Be2 Nc6 6. O-O d6 7. Nc3 Qc7 8. Kh1
Nge7 9. f4 Nxd4 10. Qxd4 Nc6 11. Qf2 b5 12. f5 b4 13. Na4 Be7 14. b3 Bf6 15. Rb1
exf5 16. exf5 O-O 17. Bb2 Ne5 18. c3 bxc3 19. Bxc3 Bd7 20. Qg3 Bxa4 21. bxa4
Rfc8 22. Bb4 a5 23. Ba3 Rd8 24. Rfc1 Qd7 25. Qf4 h6 26. Rd1 Qc6 27. Rbc1 Qb6 28.
Rb1 Qc7 29. Rdc1 Qa7 30. Bf3 Nd3 31. Qd2 Nf2+ 0-1

[Event "Let's Play Chess!"]
[Site "http://www.queenalice.com/game.php?id=974910"]
[Date "2011.8.20"]
[Round "-"]
[White "Killersugus"]
[Black "igorjava"]
[Result "1/2-1/2"]
[WhiteElo "2186"]
[BlackElo "1938"]

1. b3 d5 2. Bb2 c5 3. e3 Nc6 4. f4 Nf6 5. Nf3 Bg4 6. Be2 e6 7. Ne5 Bxe2 8. Qxe2
a6 9. O-O Bd6 10. Nxc6 bxc6 11. d3 O-O 12. Nd2 Nd7 13. Qg4 Nf6 14. Qh4 Be7 15.
Qe1 d4 16. h3 a5 17. a4 Nh5 18. g4 Bh4 19. Qe2 Ng3 20. Qf3 Nxf1 21. Rxf1 Qd7 22.
Nc4 Ra6 23. g5 f6 24. gxf6 Bxf6 25. e4 Bd8 26. Kf2 Bg5 27. Ne5 Qc7 28. Bc1 Raa8
29. Qg4 Bxf4 30. Qxe6+ Kh8 31. Bxf4 Rxf4+ 32. Ke2 Rxf1 33. Kxf1 Rf8+ 34. Ke2 Qc8
35. Nf7+ Kg8 36. Nh6+ Kh8 37. Nf7+ Kg8 38. Nh6+ Kh8 39. Nf7+ 1/2-1/2